Веселые струны художника (Запись № 11378354)
[ простой вид ]
| 000 -МАРКЕР | |
|---|---|
| контрольное поле | 01798nam0a2200373 4500 |
| 001 - ИДЕНТИФИКАТОР ЗАПИСИ | |
| контрольное поле | RU\NLR\BIBL_A\011698921 |
| 005 - ИДЕНТИФИКАТОР ВЕРСИИ | |
| контрольное поле | 20180604142254.0 |
| 010 ## - МЕЖДУНАРОДНЫЙ СТАНДАРТНЫЙ НОМЕР КНИГИ (ISBN) | |
| Номер (ISBN) | 978-5-98344-533-8 |
| Тираж | 250 |
| 021 ## - НОМЕР ГОСУДАРСТВЕННОЙ РЕГИСТРАЦИИ | |
| Код страны | Российская Федерация |
| Номер | КН-П-18-025871 |
| Номер Листа государственной регистраци | КН-П-18-1892 |
| 035 ## - ДРУГИЕ СИСТЕМНЫЕ НОМЕРА | |
| Идентификатор записи | (NLR Aleph) 011698921 |
| 035 ## - ДРУГИЕ СИСТЕМНЫЕ НОМЕРА | |
| Идентификатор записи | (RuMoRGB)009598577 |
| 100 ## - ДАННЫЕ ОБЩЕЙ ОБРАБОТКИ | |
| Данные общей обработки | 20180514d2018 k y0rusy50 ca |
| 101 0# - ЯЗЫК РЕСУРСА | |
| Язык текста, звукозаписи и т.д. | русский |
| 102 ## - СТРАНА ПУБЛИКАЦИИ ИЛИ ПРОИЗВОДСТВА | |
| Страна публикации | Российская Федерация |
| 105 ## - ПОЛЕ КОДИРОВАННЫХ ДАННЫХ: ТЕКСТОВЫЕ МАТЕРИАЛЫ, МОНОГРАФИЧЕСКИЕ | |
| Кодированные данные о монографическом текстовом документе | ac||z|||000zy |
| 200 1# - ЗАГЛАВИЕ И СВЕДЕНИЯ ОБ ОТВЕТСТВЕННОСТИ | |
| Основное заглавие | Веселые струны художника |
| Сведения, относящиеся к заглавию | [дань уважения творческих людей Рузаевки таланту Владимира Григорьевича Давыдова] |
| Первые сведения об ответственности | Владимир Давыдов |
| 210 ## - ПУБЛИКАЦИЯ, РАСПРОСТРАНЕНИЕ И ДР. | |
| Место издания, распространения и т.д. | Рузаевка |
| Имя издателя, распространителя и т. д. | [б. и.] |
| Дата издания, распространения и т.д. | 2018 |
| 215 ## - ФИЗИЧЕСКАЯ ХАРАКТЕРИСТИКА | |
| Специфическое обозначение материала и объем | 182, [1] c., [8] л. цв. ил., портр. |
| Другие сведения о физической характеристике | ил., портр. |
| Размеры | 21х29 |
| 300 ## - ОБЩИЕ ПРИМЕЧАНИЯ | |
| Текст примечания | На обл. авт. не указан |
| 604 ## - ИМЯ И ЗАГЛАВИЕ КАК ПРЕДМЕТ | |
| Связываемые данные | 700#1$aДавыдов$bВ. Г.$gВладимир Григорьевич$f1955 - 2014 |
| -- | 5010#$aКарикатуры$2nlr_sh2$3RU\NLR\AUTH\6601635919 |
| Имя лица | Давыдов, Владимир Григорьевич (1955 - 2014) |
| Заглавие | Карикатуры |
| Системный номер авторитетной/нормативной записи | 2368838 |
| Идентификатор авторитетной/нормативной записи | RU\NLR\AUTH\6601635919 |
| 686 ## - ИНДЕКСЫ ДРУГИХ КЛАССИФИКАЦИЙ | |
| Индекс | Щ153(2Р=Р)7-8Давыдов В.Г.446.4я61 |
| Код системы | |
| 686 ## - ИНДЕКСЫ ДРУГИХ КЛАССИФИКАЦИЙ | |
| Индекс | Щ156.43(2Р=Р)7я61 |
| Код системы | |
| 686 ## - ИНДЕКСЫ ДРУГИХ КЛАССИФИКАЦИЙ | |
| Индекс | Ш5(2=Р)64-675.5 |
| Код системы | |
| 686 ## - ИНДЕКСЫ ДРУГИХ КЛАССИФИКАЦИЙ | |
| Индекс | Щ143(2Р=Р)7-8Давыдов В.Г.4я61 |
| Код системы | |
| 686 1# - ИНДЕКСЫ ДРУГИХ КЛАССИФИКАЦИЙ | |
| Индекс | Щ153(2Р=Рус)7-8Давыдов |
| 686 2# - ИНДЕКСЫ ДРУГИХ КЛАССИФИКАЦИЙ | |
| Индекс | Ш6(2=Р)8-5 |
| 700 #1 - ИМЯ ЛИЦА - ПЕРВИЧНАЯ ОТВЕТСТВЕННОСТЬ | |
| Графика поля | Кириллица |
| Материалы, к которым относится поле | rus |
| Начальный элемент ввода | Давыдов |
| Часть имени, кроме начального элемента ввода | В. Г. |
| Дополнения к именам, кроме дат | художник, краевед |
| Даты | 1955-2014 |
| Расширение инициалов личного имени | Владимир Григорьевич |
| Системный номер авторитетной/нормативной записи | 93797 |
| Идентификатор авторитетной/нормативной записи | RU\NLR\AUTH\77110872 |
| 942 ## - ДОПОЛНИТЕЛЬНЫЕ ЭЛЕМЕНТЫ ЗАПИСИ (АБИС) | |
| Тип экземпляра АБИС | Книга |
| 980 ## - КОЛЛЕКЦИЯ | |
| Название коллекции | НБР |
| 980 ## - КОЛЛЕКЦИЯ | |
| Название коллекции | Национальная библиография |
Нет доступных экземпляров.